000 00881nam a2200253 i 4500
001 93960
003 ES-MaACL
005 20251008063053.0
007 t|
008 050426s1973 sp ||||1| spa d
080 _a929(460)"15":811.14
080 _a811.14:37(460)"15"
100 0 _aLópez Rueda, José,
_d1928-
_973941
245 1 0 _aHelenistas españoles del siglo XVI /
_cJosé López Rueda.
260 _aMadrid :
_bInstituto "Antonio de Nebrija",
_c1973.
300 _a464 p. ;
_c25 cm.
490 1 _aManuales y anejos de "Emérita" ;
_v27
594 _aPrecede al tít.: Consejo Superior de Investigaciones Científicas
650 4 _aLengua griega-
_xEnseñanza-
_zEspaña.
_9174086
710 2 _aInstituto Antonio de Nebrija.
_94795
830 1 _aManuales y anejos de "Emérita" ;
_v27
_9183691
852 4 _aES-MaACL
_jC-55188
999 _c93960
_d93960